[Event "SUI-chT"]
[Site "Switzerland"]
[Date "2023.08.26"]
[Round "6.1"]
[White "Aranovitch, Emiliano"]
[Black "Pelletier, Yannick"]
[Result "0-1"]
[WhiteElo "2321"]
[BlackElo "2515"]
[PlyCount "58"]
[EventDate "2023.04.16"]
[EventType "team-tourn"]
[EventRounds "9"]
[EventCountry "SUI"]
[SourceTitle "EXT 2024"]
[Source "ChessBase"]
[SourceDate "2023.10.10"]
[SourceVersion "1"]
[SourceVersionDate "2023.10.10"]
[SourceQuality "1"]
[WhiteTeam "Mendrisio"]
[BlackTeam "Zuerich"]
[WhiteTeamCountry "SUI"]
[BlackTeamCountry "SUI"]

1. e4 e6 2. d4 d5 3. Nc3 dxe4 4. Nxe4 Nd7 5. Nf3 Ngf6 6. Nxf6+ Nxf6 7. c3 Bd6 8. Bg5 0-0 9. Bd3 c5 10. dxc5 Bxc5 11. Qe2 h6 12. Bh4 Qc7 13. Bg3 Qe7 14. Ne5 Rd8 15. Bh4 Qc7 16. 0-0-0 Be7 17. g4 Nd5 18. Bg3 Qc5 19. Kb1 Bd7 20. c4 Nb6 21. h4 Ba4 22. Qe4 Bf6 23. g5 Bxe5 24. Bxe5 Rxd3 25. Qxd3 Qxe5 26. Rde1 Qf4 27. Re4 Qf5 28. Rd4 Qxd3+ 29. Rxd3 Bc6 0-1

[Event "SUI-chT"]
[Site "Switzerland"]
[Date "2023.04.30"]
[Round "2.2"]
[White "Aranovitch, Emiliano"]
[Black "Stojanovic, Mihajlo"]
[Result "0-1"]
[WhiteElo "2321"]
[BlackElo "2475"]
[PlyCount "78"]
[EventDate "2023.04.16"]
[EventType "team-tourn"]
[EventRounds "9"]
[EventCountry "SUI"]
[SourceTitle "EXT 2024"]
[Source "ChessBase"]
[SourceDate "2023.10.10"]
[SourceVersion "1"]
[SourceVersionDate "2023.10.10"]
[SourceQuality "1"]
[WhiteTeam "Mendrisio"]
[BlackTeam "Reti"]
[WhiteTeamCountry "SUI"]
[BlackTeamCountry "SUI"]

1. Nf3 Nf6 2. g3 b5 3. Bg2 Bb7 4. 0-0 e6 5. d3 c5 6. e4 d6 7. e5 dxe5 8. Nxe5 Bxg2 9. Kxg2 Nbd7 10. Nxd7 Qxd7 11. Qf3 Rc8 12. a4 b4 13. Nd2 Be7 14. b3 0-0 15. Bb2 Nd5 16. Rae1 Bf6 17. Bxf6 Nxf6 18. Ne4 Nd5 19. Qh5 f6 20. Kg1 e5 21. Nd2 Rfe8 22. Qh4 Kh8 23. Re2 Nc7 24. f4 Ne6 25. fxe5 Nd4 26. Ref2 Rxe5 27. Ne4 Qd5 28. Qh3 Rce8 29. Qg2 h6 30. g4 R8e7 31. Ng3 Qe6 32. Nf5 Rd7 33. Nxh6 gxh6 34. Rxf6 Qd5 35. Qh3 Ne2+ 36. Kf2 Rh7 37. Rxh6 Ree7 38. Qh4 Qd4+ 39. Kg2 Nf4+ 0-1

[Event "ITA-chTA 52nd"]
[Site "Montesilvano"]
[Date "2021.09.21"]
[Round "2.1"]
[White "Fier, Alexandr"]
[Black "Aranovitch, Emiliano"]
[Result "1/2-1/2"]
[WhiteElo "2564"]
[BlackElo "2386"]
[PlyCount "84"]
[EventDate "2021.09.20"]
[EventType "team-tourn"]
[EventRounds "7"]
[EventCountry "ITA"]
[SourceTitle "CBM 204 Extra"]
[Source "ChessBase"]
[SourceDate "2021.11.30"]
[SourceVersion "1"]
[SourceVersionDate "2021.11.30"]
[SourceQuality "1"]
[WhiteTeam "Palermo Circolo"]
[BlackTeam "Varese"]
[WhiteTeamCountry "ITA"]
[BlackTeamCountry "ITA"]

1. e4 c5 2. Nf3 d6 3. d4 cxd4 4. Nxd4 Nf6 5. Nc3 Nc6 6. Bg5 e6 7. Qd2 Be7 8. 0-0-0 Nxd4 9. Qxd4 0-0 10. f4 a6 11. h4 Qc7 12. Bd3 Rd8 13. Qe3 b5 14. e5 dxe5 15. fxe5 Nd5 16. Nxd5 Rxd5 17. Qe4 g6 18. Bxe7 Qxe7 19. h5 Qg5+ 20. Kb1 Bb7 21. hxg6 hxg6 22. Rdf1 Qxe5 23. Qf3 Qg7 24. Rh4 Rad8 25. Qh3 Rd4 26. Rxf7 Kxf7 27. Rh7 Be4 28. Rxg7+ Kxg7 29. Qxe6 Bxd3 30. cxd3 R8d6 31. Qe7+ Kh6 32. Qe3+ g5 33. Qh3+ Rh4 34. Qc8 Rhd4 35. g4 R6d5 36. Qxa6+ Kg7 37. Qb7+ Kf6 38. Qc6+ Ke5 39. Qc7+ Kf6 40. Qc3 Ke5 41. Qc7+ Kf6 42. Qc3 Ke5 1/2-1/2

[Event "Robecchetto op 32nd"]
[Site "Robecchetto"]
[Date "2019.12.27"]
[Round "2"]
[White "Aranovitch, Emiliano"]
[Black "Coppola, Federico"]
[Result "1-0"]
[WhiteElo "2387"]
[BlackElo "2106"]
[PlyCount "101"]
[EventDate "2019.12.26"]
[EventType "swiss"]
[EventRounds "6"]
[EventCountry "ITA"]
[SourceTitle "CBM 194 Extra"]
[Source "ChessBase"]
[SourceDate "2020.03.31"]
[SourceVersion "1"]
[SourceVersionDate "2020.03.31"]
[SourceQuality "1"]

1. g3 c5 2. Bg2 g6 3. c4 Bg7 4. Nc3 Nc6 5. a3 d6 6. Rb1 e6 7. b4 Nge7 8. Nf3 0-0 9. 0-0 b6 10. Qb3 Bb7 11. Bb2 Qd7 12. d3 f5 13. e3 h6 14. d4 cxd4 15. exd4 Nxd4 16. Nxd4 Bxg2 17. Nxe6 Qxe6 18. Kxg2 f4 19. f3 Nf5 20. Nd5 Ne3+ 21. Nxe3 fxe3 22. Bxg7 Kxg7 23. Rfe1 Rfe8 24. Rbd1 Rac8 25. Rd5 Re7 26. Qd3 Rc6 27. b5 Rc5 28. Rxd6 Qf5 29. Qxf5 gxf5 30. Rd4 Kf6 31. f4 Rec7 32. Rxe3 Rxc4 33. Rd6+ Kg7 34. Ree6 Rc2+ 35. Kh3 Rb2 36. Rg6+ Kf7 37. Rxh6 Rcc2 38. Kh4 Rxh2+ 39. Kg5 Rxh6 40. Rxh6 Rxb5 41. Rf6+ Kg7 42. Rxf5 Rb3 43. g4 Rxa3 44. Rf6 b5 45. Rc6 b4 46. Rc7+ Kf8 47. Rb7 a5 48. f5 Rc3 49. f6 Rc8 50. Kg6 Ra8 51. Rh7 1-0

[Event "Robecchetto op 32nd"]
[Site "Robecchetto"]
[Date "2019.12.27"]
[Round "3"]
[White "Giretti Kanev, Jasen"]
[Black "Aranovitch, Emiliano"]
[Result "1/2-1/2"]
[WhiteElo "2207"]
[BlackElo "2387"]
[PlyCount "89"]
[EventDate "2019.12.26"]
[EventType "swiss"]
[EventRounds "6"]
[EventCountry "ITA"]
[SourceTitle "CBM 194 Extra"]
[Source "ChessBase"]
[SourceDate "2020.03.31"]
[SourceVersion "1"]
[SourceVersionDate "2020.03.31"]
[SourceQuality "1"]

1. e4 c5 2. Nc3 d6 3. g3 Nc6 4. Bg2 g6 5. d3 Bg7 6. f4 e5 7. Be3 Nf6 8. h3 Nh5 9. Nge2 exf4 10. gxf4 Nd4 11. Rb1 f5 12. 0-0 a5 13. Kh2 0-0 14. Ng3 Nxg3 15. Kxg3 g5 16. Nd5 Be6 17. c3 Bxd5 18. exd5 Re8 19. Qd2 gxf4+ 20. Rxf4 Qg5+ 21. Kf2 Nc2 22. Re4 Nxe3 23. Qxe3 Qxe3+ 24. Rxe3 Rxe3 25. Kxe3 Re8+ 26. Kf2 Bf6 27. Bf3 Bh4+ 28. Kg2 Re3 29. Rd1 b5 30. d4 c4 31. a4 b4 32. cxb4 axb4 33. Rc1 c3 34. bxc3 bxc3 35. a5 Bd8 36. a6 Bb6 37. Kg3 Bxd4 38. Kf4 Bc5 39. Bg2 Re2 40. Bf3 Re3 41. Rc2 Kf7 42. Be2 Kf6 43. Bf3 Rd3 44. Re2 Rd4+ 45. Kg3 1/2-1/2

[Event "SUI-chT"]
[Site "Switzerland"]
[Date "2018.07.01"]
[Round "5.1"]
[White "Harikrishna, Pentala"]
[Black "Aranovitch, Emiliano"]
[Result "1-0"]
[WhiteElo "2731"]
[BlackElo "2356"]
[PlyCount "31"]
[EventDate "2018.03.25"]
[EventType "team-tourn"]
[EventRounds "9"]
[EventCountry "SUI"]
[SourceTitle "EXT 2019"]
[Source "ChessBase"]
[SourceDate "2018.10.10"]
[SourceVersion "1"]
[SourceVersionDate "2018.10.10"]
[SourceQuality "1"]
[WhiteTeam "Winterthur"]
[BlackTeam "Mendrisio"]
[WhiteTeamCountry "SUI"]
[BlackTeamCountry "SUI"]

1. e4 c5 2. Nf3 d6 3. c3 Nf6 4. Be2 Bg4 5. h3 Bh5 6. 0-0 e6 7. d4 Nbd7 8. Nbd2 cxd4 9. cxd4 Be7 10. Bd3 0-0 11. Qe2 Nb8 12. g4 Bg6 13. Nh4 Nc6 14. Ndf3 Bxe4 15. Bxe4 Nxe4 16. Qxe4 1-0

[Event "SUI-chT"]
[Site "Switzerland"]
[Date "2017.10.14"]
[Round "8.5"]
[White "Aranovitch, Emiliano"]
[Black "Miralles, Gilles"]
[Result "1-0"]
[WhiteElo "2356"]
[BlackElo "2407"]
[PlyCount "141"]
[EventDate "2017.03.19"]
[EventType "team-swiss"]
[EventRounds "9"]
[EventCountry "SUI"]
[SourceTitle "EXT 2019"]
[Source "ChessBase"]
[SourceDate "2018.10.10"]
[SourceVersion "1"]
[SourceVersionDate "2018.10.10"]
[SourceQuality "1"]
[WhiteTeam "Mendrisio"]
[BlackTeam "Geneve"]
[WhiteTeamCountry "SUI"]
[BlackTeamCountry "SUI"]

1. e4 c5 2. Nf3 d6 3. Bb5+ Bd7 4. Bxd7+ Qxd7 5. 0-0 Nf6 6. e5 dxe5 7. Nxe5 Qf5 8. d4 Nbd7 9. Re1 h5 10. Nc3 Ng4 11. Nf3 0-0-0 12. h3 e5 13. d5 f6 14. Qe2 g5 15. hxg4 hxg4 16. Nxg5 fxg5 17. Qe4 Qf7 18. Qxg4 Rh4 19. Qf3 Qh7 20. g3 Rh3 21. Qe4 Qh6 22. Be3 Nf6 23. Qf5+ Kb8 24. Kf1 Nxd5 25. Nxd5 Rxd5 26. c4 Rd8 27. Rad1 Rh1+ 28. Ke2 Rxe1+ 29. Rxe1 Qc6 30. Qxe5+ Bd6 31. Qe6 Qa4 32. Rd1 Kc7 33. Rd2 Qc6 34. Qd5 g4 35. Qxc6+ Kxc6 36. Bf4 Re8+ 37. Be3 Re7 38. Rd5 b5 39. b3 bxc4 40. bxc4 Rb7 41. Rg5 Rb2+ 42. Kd3 Rxa2 43. Rxg4 a5 44. Rg6 Kd7 45. Rg7+ Kc6 46. Rg6 Kd7 47. g4 a4 48. g5 Ra3+ 49. Ke4 Rc3 50. Rg8 Ke6 51. Re8+ Kf7 52. Ra8 a3 53. Kf5 Bf8 54. Ra7+ Kg8 55. Kg6 Rxc4 56. Rxa3 Rb4 57. Ra6 Rb7 58. Rc6 Rg7+ 59. Kf5 Rb7 60. Kg6 Rb5 61. Rc8 Rb6+ 62. Kh5 Rb5 63. f4 Kg7 64. f5 Be7 65. Rc7 Kf8 66. Kg6 Bd6 67. Rd7 Rb6 68. f6 Ke8 69. Ra7 Rc6 70. Kf5 c4 71. g6 1-0

[Event "SUI-chT"]
[Site "Switzerland"]
[Date "2017.09.02"]
[Round "6.5"]
[White "Aranovitch, Emiliano"]
[Black "Ballmann, Martin"]
[Result "1-0"]
[WhiteElo "2356"]
[BlackElo "2393"]
[PlyCount "103"]
[EventDate "2017.03.19"]
[EventType "team-swiss"]
[EventRounds "9"]
[EventCountry "SUI"]
[SourceTitle "EXT 2018"]
[Source "ChessBase"]
[SourceDate "2017.10.13"]
[SourceVersion "1"]
[SourceVersionDate "2017.10.13"]
[SourceQuality "1"]
[WhiteTeam "Mendrisio"]
[BlackTeam "Winterthur"]
[WhiteTeamCountry "SUI"]
[BlackTeamCountry "SUI"]

1. e4 g6 2. d4 Bg7 3. Nf3 d6 4. Bc4 Nf6 5. Qe2 0-0 6. e5 dxe5 7. dxe5 Nd5 8. h3 c6 9. 0-0 Nd7 10. e6 fxe6 11. Qxe6+ Kh8 12. Qe4 Nc5 13. Qh4 Rxf3 14. gxf3 Qf8 15. Bxd5 cxd5 16. Bg5 Ne6 17. Bxe7 Qf7 18. Bd6 g5 19. Qg3 Nd4 20. Re1 Be6 21. Nd2 Nxc2 22. Be5 Rg8 23. Bxg7+ Rxg7 24. Qb8+ Qg8 25. Qxg8+ Bxg8 26. Nb3 d4 27. Re8 Nxa1 28. Nxa1 Rd7 29. Kf1 Kg7 30. Nb3 d3 31. Ke1 Bf7 32. Re3 Bg6 33. Kd2 Rc7 34. Nd4 Rc4 35. Re7+ Kf8 36. Rd7 Be8 37. Rd5 Ke7 38. b3 Rc7 39. Rxg5 Bd7 40. Nb5 Kf6 41. f4 a6 42. Nc3 Bf5 43. h4 Rc5 44. f3 b5 45. Ke3 Rc8 46. Rg2 h6 47. Rd2 Ke7 48. Rxd3 Rg8 49. Rd5 Be6 50. f5 Rg2 51. f6+ Kxf6 52. Rd8 1-0

[Event "SUI-chT"]
[Site "Switzerland"]
[Date "2017.06.11"]
[Round "5.5"]
[White "Aranovitch, Emiliano"]
[Black "Georgiadis, Ioannis"]
[Result "1/2-1/2"]
[WhiteElo "2356"]
[BlackElo "2495"]
[PlyCount "133"]
[EventDate "2017.03.19"]
[EventType "team-swiss"]
[EventRounds "9"]
[EventCountry "SUI"]
[SourceTitle "EXT 2018"]
[Source "ChessBase"]
[SourceDate "2017.10.13"]
[SourceVersion "1"]
[SourceVersionDate "2017.10.13"]
[SourceQuality "1"]
[WhiteTeam "Mendrisio"]
[BlackTeam "Riehen"]
[WhiteTeamCountry "SUI"]
[BlackTeamCountry "SUI"]

1. Nf3 Nf6 2. g3 b5 3. Bg2 Bb7 4. 0-0 e6 5. d3 d5 6. c4 a6 7. cxd5 Bxd5 8. Nc3 Bb7 9. Bg5 Be7 10. Bxf6 Bxf6 11. d4 0-0 12. Qc2 Ra7 13. a4 Bxf3 14. Bxf3 Qxd4 15. axb5 Qb6 16. Qa4 Nd7 17. bxa6 Nc5 18. Qc6 Rxa6 19. Rxa6 Nxa6 20. Qxb6 cxb6 21. Rd1 Rd8 22. Rxd8+ Bxd8 23. Kf1 Bf6 24. Nd1 b5 25. Nc3 Bxc3 26. bxc3 Kf8 27. e3 Ke7 28. Be2 Nc7 29. Ke1 Kd6 30. Kd2 Kc5 31. Kd3 Nd5 32. f4 f5 33. Bf3 Nf6 34. h3 h5 35. Bb7 Ne4 36. Bc8 Kd6 37. Kd4 Nxg3 38. Ba6 Ne2+ 39. Kd3 Ng1 40. h4 Nf3 41. Bxb5 Nxh4 42. Be8 g6 43. Ke2 Ke7 44. Ba4 e5 45. fxe5 g5 46. Bc2 Ng6 47. Bxf5 Nxe5 48. Be4 Ke6 49. Kf2 h4 50. Bh7 Kf6 51. Bg8 g4 52. c4 Kg5 53. Be6 Nd3+ 54. Kg2 Nc5 55. Bd5 Kf6 56. Kh2 Kf5 57. Kg2 Ke5 58. Kh2 Ne4 59. Kg2 Nd2 60. Kf2 Ne4+ 61. Kg2 Nd6 62. Kf2 Nf5 63. Bb7 h3 64. c5 g3+ 65. Kf3 g2 66. Kf2 Nxe3 67. Bf3 1/2-1/2

[Event "Bergamo op 15th"]
[Site "Bergamo"]
[Date "2016.07.17"]
[Round "6"]
[White "Aranovitch, Emiliano"]
[Black "Rambaldi, Francesco"]
[Result "0-1"]
[WhiteElo "2347"]
[BlackElo "2544"]
[PlyCount "75"]
[EventDate "2016.07.15"]
[EventType "swiss"]
[EventRounds "9"]
[EventCountry "ITA"]
[SourceTitle "EXT 2017"]
[Source "ChessBase"]
[SourceDate "2016.10.25"]
[SourceVersion "1"]
[SourceVersionDate "2016.10.25"]
[SourceQuality "1"]

1. g3 g6 2. Bg2 Bg7 3. d4 Nf6 4. e4 d6 5. Ne2 0-0 6. 0-0 e5 7. Nbc3 c6 8. h3 b5 9. a3 Nbd7 10. Be3 Bb7 11. g4 Nb6 12. dxe5 dxe5 13. a4 b4 14. Na2 Qe7 15. b3 Rfd8 16. Qc1 Nbd7 17. Rd1 a5 18. Ng3 Nc5 19. Rxd8+ Rxd8 20. Qe1 Ne6 21. Rd1 c5 22. Rxd8+ Qxd8 23. Nc1 Qc7 24. c3 Ne8 25. Bf1 Nd6 26. f3 Bf6 27. Qd2 Bh4 28. Kg2 Bxg3 29. Kxg3 Bxe4 30. cxb4 cxb4 31. Qb2 Bb7 32. Kf2 Qc6 33. Qxe5 Qxf3+ 34. Ke1 Bd5 35. Bb6 Ne4 36. Be2 Qxh3 37. Qb8+ Kg7 38. Nd3 0-1

[Event "Paris-ch op 90th"]
[Site "Paris"]
[Date "2015.07.11"]
[Round "8"]
[White "Louis, Thibault"]
[Black "Aranovitch, Emiliano"]
[Result "1/2-1/2"]
[WhiteElo "2250"]
[BlackElo "2347"]
[PlyCount "55"]
[EventDate "2015.07.04"]
[EventType "swiss"]
[EventRounds "9"]
[EventCountry "FRA"]
[SourceTitle "CBM 167 Extra"]
[Source "ChessBase"]
[SourceDate "2015.09.14"]
[SourceVersion "1"]
[SourceVersionDate "2015.09.14"]
[SourceQuality "1"]

1. e4 c5 2. Nf3 d6 3. Bb5+ Bd7 4. Bxd7+ Qxd7 5. 0-0 Nf6 6. Re1 Nc6 7. c3 e6 8. d4 cxd4 9. cxd4 d5 10. e5 Ne4 11. Nbd2 Nxd2 12. Bxd2 Be7 13. Rc1 Nb4 14. Qb3 a5 15. a3 a4 16. Qe3 Nc6 17. Qd3 Na5 18. Bxa5 Rxa5 19. Re2 Rb5 20. Rec2 Bd8 21. Nd2 0-0 22. b4 axb3 23. Nxb3 Bb6 24. Qc3 Qe7 25. Qd3 Qd7 26. Qc3 Qe7 27. Qd3 Qd7 28. Qc3 1/2-1/2

[Event "Paris-ch op 90th"]
[Site "Paris"]
[Date "2015.07.10"]
[Round "7"]
[White "Aranovitch, Emiliano"]
[Black "Mouhamad, Joachin"]
[Result "1-0"]
[WhiteElo "2347"]
[BlackElo "2207"]
[PlyCount "49"]
[EventDate "2015.07.04"]
[EventType "swiss"]
[EventRounds "9"]
[EventCountry "FRA"]
[SourceTitle "CBM 167 Extra"]
[Source "ChessBase"]
[SourceDate "2015.09.14"]
[SourceVersion "1"]
[SourceVersionDate "2015.09.14"]
[SourceQuality "1"]

1. e4 c5 2. Nf3 Nc6 3. Bb5 d6 4. 0-0 Bd7 5. Re1 a6 6. Bxc6 Bxc6 7. d4 cxd4 8. Nxd4 Nf6 9. Bg5 e6 10. Nc3 Qa5 11. Bxf6 gxf6 12. Nd5 Be7 13. b4 Qd8 14. Qh5 Bxd5 15. exd5 e5 16. Ne6 Qc8 17. c4 Bf8 18. Rac1 Qd7 19. b5 Ke7 20. Nd4 Kd8 21. Nf5 axb5 22. cxb5 Rxa2 23. b6 Be7 24. Rc7 Qb5 25. Qxf7 1-0

[Event "Paris-ch op 90th"]
[Site "Paris"]
[Date "2015.07.08"]
[Round "5"]
[White "Aranovitch, Emiliano"]
[Black "Veys, Vincent"]
[Result "1-0"]
[WhiteElo "2347"]
[BlackElo "2375"]
[PlyCount "117"]
[EventDate "2015.07.04"]
[EventType "swiss"]
[EventRounds "9"]
[EventCountry "FRA"]
[SourceTitle "CBM 167 Extra"]
[Source "ChessBase"]
[SourceDate "2015.09.14"]
[SourceVersion "1"]
[SourceVersionDate "2015.09.14"]
[SourceQuality "1"]

1. e4 e5 2. Nf3 Nc6 3. Bb5 a6 4. Ba4 Nf6 5. 0-0 Be7 6. Re1 b5 7. Bb3 d6 8. c3 0-0 9. d3 Nb8 10. Nbd2 Nbd7 11. Nf1 Bb7 12. Ng3 Nc5 13. Bc2 Re8 14. d4 Ncd7 15. a4 c6 16. h3 Bf8 17. Qd3 g6 18. Bb3 Qc7 19. axb5 cxb5 20. Ng5 d5 21. exd5 Nxd5 22. Qf3 N7b6 23. Rxe5 Bd6 24. Rxe8+ Rxe8 25. N3e4 Bf8 26. Bf4 Qd7 27. Be5 Bg7 28. Nc5 Qe7 29. Qxf7+ Qxf7 30. Nxf7 Kxf7 31. Bxg7 Kxg7 32. Nxb7 Re2 33. Ra2 b4 34. c4 Nf4 35. Rxa6 Rxb2 36. Rxb6 Rxb3 37. d5 Nd3 38. d6 Ne5 39. Nc5 Rb1+ 40. Kh2 Rd1 41. d7 Kh6 42. Rb7 b3 43. Rxb3 Nxd7 44. Rd3 Rxd3 45. Nxd3 Nf8 46. Kg3 Kg5 47. f4+ Kf6 48. Kf3 h5 49. g4 hxg4+ 50. hxg4 Ke6 51. Ke4 Nd7 52. Ne5 Nf6+ 53. Kd4 g5 54. fxg5 Ne8 55. Nd3 Nc7 56. Nf4+ Kd6 57. c5+ Kc6 58. g6 Ne8 59. Nh5 1-0

[Event "SUI-chT"]
[Site "Switzerland"]
[Date "2014.09.07"]
[Round "7.6"]
[White "Aranovitch, Emiliano"]
[Black "Rindlisbacher, Jan"]
[Result "1/2-1/2"]
[WhiteElo "2342"]
[BlackElo "2256"]
[PlyCount "113"]
[EventDate "2014.03.16"]
[EventType "team-tourn"]
[EventRounds "9"]
[EventCountry "SUI"]
[SourceTitle "EXT 2015"]
[Source "ChessBase"]
[SourceDate "2014.11.20"]
[SourceVersion "1"]
[SourceVersionDate "2014.11.20"]
[SourceQuality "1"]
[WhiteTeam "Mendrisio"]
[BlackTeam "Trubschachen"]
[WhiteTeamCountry "SUI"]
[BlackTeamCountry "SUI"]

1. g3 d5 2. Bg2 e5 3. d3 Nf6 4. Nf3 Nc6 5. 0-0 Be7 6. c4 d4 7. b4 Nxb4 8. Nxe5 0-0 9. Nd2 Bd6 10. a3 Na6 11. Nef3 c5 12. Ne4 Nxe4 13. dxe4 Nb8 14. Ne1 Nc6 15. f4 Na5 16. e5 Bc7 17. Bd5 Be6 18. Bxe6 fxe6 19. Qc2 b5 20. cxb5 c4 21. Qe4 Bb6 22. Kg2 Nb3 23. Rb1 Rc8 24. Nf3 Qe7 25. Rd1 Rfd8 26. Qc2 Qb7 27. Rxb3 cxb3 28. Qxb3 Rd5 29. Bb2 h6 30. Qd3 Qd7 31. Bxd4 Rd8 32. e3 Rxb5 33. Rd2 Qc6 34. Rc2 Qd5 35. Qc4 Rb3 36. Qxd5 exd5 37. a4 Bxd4 38. exd4 Ra3 39. Rc7 Rxa4 40. f5 a5 41. Ra7 Rf8 42. Nh4 Rxd4 43. Ng6 a4 44. Nxf8 Kxf8 45. Kf3 Re4 46. e6 h5 47. h3 g6 48. g4 hxg4+ 49. hxg4 g5 50. Ra5 Rd4 51. Ra7 Rd3+ 52. Kf2 Rd4 53. Kf3 Rd3+ 54. Kg2 Rd2+ 55. Kg3 Rd3+ 56. Kf2 Rd4 57. Kf3 1/2-1/2

[Event "SUI-chT"]
[Site "Switzerland"]
[Date "2014.06.15"]
[Round "4.4"]
[White "Aranovitch, Emiliano"]
[Black "Fejzullahu, Afrim"]
[Result "0-1"]
[WhiteElo "2342"]
[BlackElo "2328"]
[PlyCount "122"]
[EventDate "2014.03.16"]
[EventType "team-tourn"]
[EventRounds "9"]
[EventCountry "SUI"]
[SourceTitle "EXT 2015"]
[Source "ChessBase"]
[SourceDate "2014.11.20"]
[SourceVersion "1"]
[SourceVersionDate "2014.11.20"]
[SourceQuality "1"]
[WhiteTeam "Mendrisio"]
[BlackTeam "Neuchatel"]
[WhiteTeamCountry "SUI"]
[BlackTeamCountry "SUI"]

1. g3 g6 2. Bg2 Bg7 3. d4 d5 4. Nf3 Nf6 5. c4 0-0 6. cxd5 Nxd5 7. 0-0 Nc6 8. Nc3 Nb6 9. e3 Be6 10. Re1 h6 11. Nd2 Bc8 12. f4 h5 13. h3 Nb4 14. Nde4 c6 15. a3 N4d5 16. Nc5 Nxc3 17. bxc3 Nd7 18. Nd3 Qa5 19. Qb3 c5 20. a4 a6 21. Ba3 cxd4 22. cxd4 Re8 23. Bb4 Qb6 24. a5 Qb5 25. Reb1 Nf6 26. Nc5 h4 27. g4 e6 28. Be1 Nd5 29. Bxh4 Qxb3 30. Rxb3 Nxf4 31. Bxb7 Bxb7 32. Rxb7 Nd5 33. Bf2 e5 34. e4 Nf4 35. d5 Nxh3+ 36. Kg2 Nxf2 37. Kxf2 Bf8 38. Nd7 Kg7 39. Rc1 Ba3 40. Rcc7 Bd6 41. Rc6 Be7 42. d6 Bh4+ 43. Kf3 Re6 44. Ke2 Rh8 45. Rb8 Bd8 46. Rxa6 Rh2+ 47. Kd3 Bg5 48. Kc4 Rc2+ 49. Kb3 Rc1 50. Kb2 Be3 51. Rb3 Re1 52. Rc6 Bd4+ 53. Kc2 Rxe4 54. a6 Rxg4 55. Ra3 Rg2+ 56. Kb3 Rg3+ 57. Ka4 Rxa3+ 58. Kxa3 e4 59. Nc5 Bxc5+ 60. Rxc5 Rxd6 61. Ra5 e3 0-1

[Event "SUI-chT"]
[Site "Switzerland"]
[Date "2014.05.18"]
[Round "3.6"]
[White "Gloor, Roger"]
[Black "Aranovitch, Emiliano"]
[Result "1/2-1/2"]
[WhiteElo "2361"]
[BlackElo "2282"]
[PlyCount "103"]
[EventDate "2014.03.16"]
[EventType "team-tourn"]
[EventRounds "9"]
[EventCountry "SUI"]
[SourceTitle "EXT 2015"]
[Source "ChessBase"]
[SourceDate "2014.11.20"]
[SourceVersion "1"]
[SourceVersionDate "2014.11.20"]
[SourceQuality "1"]
[WhiteTeam "Luzern"]
[BlackTeam "Mendrisio"]
[WhiteTeamCountry "SUI"]
[BlackTeamCountry "SUI"]

1. Nf3 Nf6 2. c4 c5 3. Nc3 g6 4. b3 Bg7 5. Bb2 0-0 6. g3 b6 7. Bg2 Bb7 8. 0-0 Nc6 9. d4 Nxd4 10. Nxd4 Bxg2 11. Kxg2 cxd4 12. Qxd4 Nh5 13. Qd2 Nf6 14. Nd5 Nxd5 15. Bxg7 Kxg7 16. Qxd5 Qc7 17. Rfd1 Rfd8 18. a4 Rab8 19. Rd3 Qb7 20. a5 Rdc8 21. axb6 axb6 22. f3 Qxd5 23. Rxd5 Rb7 24. Kf2 e6 25. Rb5 Rc5 26. Rb4 d5 27. cxd5 Rxd5 28. Rc1 b5 29. Rc6 h5 30. Ke3 Kf6 31. Rd4 Rbd7 32. Rxd5 Rxd5 33. Rb6 g5 34. h4 gxh4 35. gxh4 Kg6 36. Rb8 Kf6 37. Rb6 Kg6 38. Rb8 Kf6 39. Rb7 Kg6 40. Ke4 Kf6 41. e3 Kg6 42. Kf4 e5+ 43. Ke4 Rc5 44. Kd3 f6 45. e4 Rc1 46. Rxb5 Rh1 47. Rc5 Rxh4 48. Rc1 Rh2 49. b4 Rb2 50. Kc3 Ra2 51. b5 Kg5 52. b6 1/2-1/2

[Event "San Bernardino op"]
[Site "San Bernardino"]
[Date "2013.09.13"]
[Round "1"]
[White "Aranovitch, Emiliano"]
[Black "Bianchi, Simone"]
[Result "1-0"]
[WhiteElo "2345"]
[BlackElo "1831"]
[PlyCount "47"]
[EventDate "2013.09.13"]
[EventType "swiss"]
[EventRounds "9"]
[EventCountry "SUI"]
[SourceTitle "EXT 2014"]
[Source "ChessBase"]
[SourceDate "2013.11.20"]
[SourceVersion "1"]
[SourceVersionDate "2013.11.20"]
[SourceQuality "1"]

1. e4 d5 2. exd5 Nf6 3. Bb5+ Bd7 4. Be2 e5 5. dxe6 Bxe6 6. Nf3 Bc5 7. d4 Bb6 8. c4 c6 9. Nc3 h6 10. h3 Nbd7 11. 0-0 0-0 12. Bf4 Re8 13. Qc2 Nf8 14. Rad1 Rc8 15. Rfe1 Ng6 16. Bh2 Bc7 17. Ne5 Nf8 18. Qb1 Ra8 19. d5 cxd5 20. cxd5 Bxd5 21. Bf3 Qb8 22. Nxd5 Nxd5 23. Rxd5 f6 24. Ng4 1-0

[Event "SUI-chT"]
[Site "Switzerland"]
[Date "2013.06.22"]
[Round "4.7"]
[White "Pluess, Peter"]
[Black "Aranovitch, Emiliano"]
[Result "1/2-1/2"]
[WhiteElo "2206"]
[BlackElo "2341"]
[PlyCount "36"]
[EventDate "2013.03.17"]
[EventType "team-tourn"]
[EventRounds "9"]
[EventCountry "SUI"]
[SourceTitle "EXT 2014"]
[Source "ChessBase"]
[SourceDate "2013.11.20"]
[SourceVersion "1"]
[SourceVersionDate "2013.11.20"]
[SourceQuality "1"]
[WhiteTeam "Bodan"]
[BlackTeam "Mendrisio"]
[WhiteTeamCountry "SUI"]
[BlackTeamCountry "SUI"]

1. d4 Nf6 2. g3 c5 3. dxc5 Na6 4. Bg2 Nxc5 5. Nc3 g6 6. e4 d6 7. Nge2 Bg7 8. 0-0 Bd7 9. a4 0-0 10. Re1 Rb8 11. h3 Qe8 12. a5 Qc8 13. Kh2 Qc7 14. Nd4 Bc6 15. Ndb5 Bxb5 16. Nxb5 Qd7 17. c4 a6 18. Nd4 Rfc8 1/2-1/2

[Event "Bergamo op 11th"]
[Site "Bergamo"]
[Date "2012.07.15"]
[Round "5"]
[White "Aranovitch, Emiliano"]
[Black "Seyfried, Claus"]
[Result "1/2-1/2"]
[WhiteElo "2329"]
[BlackElo "2101"]
[PlyCount "132"]
[EventDate "2012.07.13"]
[EventType "swiss"]
[EventRounds "6"]
[EventCountry "ITA"]
[SourceTitle "CBM 149 Extra"]
[Source "ChessBase"]
[SourceDate "2012.08.24"]
[SourceVersion "1"]
[SourceVersionDate "2012.08.24"]
[SourceQuality "1"]

1. e4 e5 2. Bc4 Nf6 3. d3 Nc6 4. Nf3 Be7 5. 0-0 d6 6. c3 0-0 7. Re1 a6 8. Bb3 Na5 9. Bc2 c5 10. Nbd2 b5 11. Nf1 Be6 12. Ng3 Rc8 13. h3 Nc6 14. Ng5 Bd7 15. Bb3 h6 16. Nf3 Na5 17. d4 Qc7 18. dxe5 dxe5 19. Nh4 Nxb3 20. axb3 Rfd8 21. Qf3 Qc6 22. Nhf5 Bf8 23. Be3 Kh7 24. Red1 Bxf5 25. Qxf5+ g6 26. Qf3 Bg7 27. c4 bxc4 28. bxc4 Rxd1+ 29. Rxd1 Rb8 30. Rd2 Rb3 31. Qd1 Qb7 32. Qc2 Bf8 33. Kh2 a5 34. Qb1 a4 35. Qa2 Qb4 36. Rc2 Rd3 37. Qa1 Qb3 38. Qc1 Kg8 39. Rd2 Kh7 40. Qc2 Qxc2 41. Rxc2 h5 42. Bg5 Be7 43. Ne2 a3 44. bxa3 Rxa3 45. Nc3 Ng4+ 46. hxg4 Bxg5 47. gxh5 gxh5 48. g3 Kg6 49. Kg2 f5 50. Kf1 Ra1+ 51. Ke2 Rc1 52. Rxc1 Bxc1 53. Na4 Ba3 54. Kf3 Bb4 55. Nb2 Bc3 56. Nd1 Bd4 57. Ne3 Bxe3 58. Kxe3 Kg5 59. exf5 Kxf5 60. f3 Kf6 61. Ke4 Ke6 62. Kd3 Kf5 63. Ke3 Kf6 64. Ke4 Ke6 65. Ke3 Kf6 66. Kd3 Kf5 1/2-1/2